Real Estate Research Institute (Record no. 119865)

MARC details
000 -LEADER
fixed length control field 00699cam a2200181 4500
001 - CONTROL NUMBER
control field WS114291
008 - FIXED-LENGTH DATA ELEMENTS--GENERAL INFORMATION
fixed length control field 010822n 000 0 eng u
035 ## - SYSTEM CONTROL NUMBER
System control number (Sirsi) u114291
110 ## - MAIN ENTRY--CORPORATE NAME
Corporate name or jurisdiction name as entry element Real Estate Research Institute
9 (RLIN) 4122
245 ## - TITLE STATEMENT
Title Real Estate Research Institute
520 ## - SUMMARY, ETC.
Summary, etc. Web site for this US based organisation 'created to stimulate high quality research on real estate investment performance'. Includes details of research and working papers.
650 ## - SUBJECT ADDED ENTRY--TOPICAL TERM
Topical term or geographic name entry element USA
650 ## - SUBJECT ADDED ENTRY--TOPICAL TERM
Topical term or geographic name entry element INTERNATIONAL
650 ## - SUBJECT ADDED ENTRY--TOPICAL TERM
Topical term or geographic name entry element RESEARCH
690 ## - LOCAL SUBJECT ADDED ENTRY--TOPICAL TERM (OCLC, RLIN)
Topical term or geographic name as entry element MANAGEMENT-BUSINESS MANAGEMENT-PROFESSIONAL PRACTICE
856 40 - ELECTRONIC LOCATION AND ACCESS
Uniform Resource Identifier <a href="https://www.reri.org">https://www.reri.org</a>
Public note View the website free of charge at www.reri.org...
942 ## - ADDED ENTRY ELEMENTS (KOHA)
Suppress in OPAC 0
Holdings
Withdrawn status Lost status Source of classification or shelving scheme Damaged status Not for loan Home library Current library Shelving location Date acquired Total Checkouts Full call number Barcode Date last seen Copy number Price effective from Koha item type
    Dewey Decimal Classification     Virtual Virtual Online 22/08/2001   WEB SITE 114291-2001 06/08/2019 1 06/08/2019 Online material